000
00214 a2200097 4500
001
25669
100
_a
Iqbal, Allama Muhammad
245
_a
Zarb-e-Kaleem
260
_a
_b
Sh Ghulam Ali
_c
1968
090
_c
17363
_d
17363
942
_a
NUST-CAE
_c
M
_c
8184
999
_c
260742
_d
260742